A los veinte años
Colección:
San Jorge,
; núm. 21 (gener 1956), pàg 4-5
Idioma:
Español
MARC
| LEADER | 00000naa a2200000 a 4500 | ||
|---|---|---|---|
| 003 | Arxiu | ||
| 005 | 20260324181028.0 | ||
| 008 | 160829s1956 spc xx s spa c | ||
| 040 | |a AGDB | ||
| 245 | 0 | 2 | |a A los veinte años |
| 490 | |a San Jorge, |v núm. 21 (gener 1956), pàg 4-5 | ||
| 651 | 0 | |a Espanya |x Història |y 1936-1939, Guerra Civil |x Aniversaris, etc. |9 55760 | |
| 773 | |g Núm. 21 (gener 1956), pàg 4-5 |t San Jorge | ||
| 901 | |a Arxiu | ||
| 942 | |n 1 |2 udc |c ART | ||
| 952 | |0 0 |1 0 |4 0 |6 REV511 |7 1 |9 65457 |a Arxiu |b Arxiu |d 2023-03-06 |l 0 |o Rev-511 |r 2023-03-06 00:00:00 |w 2023-03-06 |y ARXIU |z També disponible a Rev-525 | ||
| 999 | |c 44884 |d 44884 | ||